| 000 | 00516nam a22001697a 4500 | ||
|---|---|---|---|
| 005 | 20230117110237.0 | ||
| 008 | 220215b ||||| |||| 00| 0 eng d | ||
| 020 | _a9789331323156 | ||
| 041 | _aeng | ||
| 082 |
_a610.3 _bANS-P |
||
| 100 |
_aANSARI, MOHD . SHAHID JAMAL AND AHMAD NIGHAT _97123 |
||
| 245 | _aPUBLIC HEALTH EXPENDITURE AND HUMAN DEVELOPMENT : A STUDY OF SELECTED STATES IN INDIA | ||
| 260 |
_aNEW DELHI _bA.P.H PUBLICATION _c2014 |
||
| 300 | _a186;P | ||
| 650 |
_aPHARMACY _xB.PHARMA _97083 |
||
| 942 | _cBK | ||
| 999 |
_c7946 _d7944 |
||